000 00659nam a2200229Ia 4500
005 20250508162644.0
008 008 250505s9999 xx 000 0 eng d
020 _a0-13-181298-X
037 _aTextual
040 _aFEDL
_beng
_cFEDL
041 _aeng
_2eng
084 _a371.4, GEO
_qFEDL
100 _aGeorge Rickey L.
245 0 _aCounsling : Theory and practice
250 _a2nd
260 _aEnglewood Cliffs
_b Prentice-Hall
_c1986
300 _axviii,298p.
650 _aEducational - Guidance and Counseling
_9756302
700 _a Cristiani Therese S.
_9773716
942 _cTEXL
_h371.4, GEO
999 _c1377878
_d1377878